100 Compositores de Música - Statistics

Estatísticas Gerais
  • Esse quiz foi jogado 23 vezes
  • A pontuação média é 24 de 100
Estatísticas das Respostas
Obra Compositor % Correto
Eine Kleine Nachtmusik (1787) Wolfgang Amadeus Mozart
94%
As Quatro Estações (1723) Antonio Vivaldi
88%
Für Elise (1810) Ludwig von Beethoven
82%
Magnificat em Ré Maior (1749) Carl Philipp Emanuel Bach
76%
Jesus bleibet meine Freude (1723) Johann Sebastian Bach
76%
Marcha de Radetzky (1848) Richard Strauss I
76%
O Danúbio Azul (1867) Richard Strauss II
76%
Sinfonia em Ré Maior (1772) Wilhelm Friedemann Bach
76%
Clair de Luna (1905) Claude Debussy
65%
O Lago dos Cisnes (1877) Piotr Ilitch Tchaikovsky
65%
Messias (1741) George Frideric Handel
59%
La Traviata (1853) Giuseppe Verdi
59%
Bachianas Brasileiras (1938) Heitor Villa-Lobos
59%
Boléro (1928) Maurice Ravel
59%
Carmen (1875) Georges Bizet
53%
O Anel de Nibelungo (1874) Richard Wagner
53%
Rapsódia Húngara Nº 2 (1847) Franz Liszt
47%
Viagem de Inverno (1815) Franz Schubert
47%
Noturno em Mi Maior (1846) Frederic Chopin
47%
Réquiem Alemão (1868) Johannes Brahms
47%
Sinfonia nº 7 "Leningrado" (1941) Dmitri Shostakovich
41%
Gymnopédies (1888) Erik Satie
35%
A Sagração da Primavera (1913) Igor Stravinsky
35%
Can Can (1858) Jacques Offenbach
35%
Finlandia (1899) Jean Sibelius
35%
A Criação (1798) Joseph Haydn
35%
La Campanella (1826) Niccolò Paganini
35%
Concerto para Piano nº 2 em Dó Menor (1901) Sergei Rachmaninoff
35%
Requiem em Dó Menor (1804) Antonio Salieri
29%
Ó Abre Alas (1899) Chiquinha Gonzaga
29%
Peer Gynt (1876) Edvard Grieg
29%
Sonho de Uma Noite de Verão (1826) Félix Mendelssohn
29%
O Barbeiro de Sevilha (1816) Gioachino Rossini
29%
Star Wars Theme (1977) John Williams
29%
Cenas da Infância (1838) Robert Schumann
29%
Czardas (1904) Vittorio Monti
29%
Sinfonia do Novo Mundo (1893) Antonin Dvorak
24%
O Carnaval dos Animais (1886) Camille Saint-Saens
24%
Por Una Cabeza (1935) Carlos Gardel
24%
L'Orfeo (1607) Claudio Monteverdi
24%
Os Planetas (1916) Gustav Holst
24%
West Side Story (1957) Leonard Bernstein
24%
Scheherazade (1888) Nikolai Rimsky-Korsakov
24%
Maple Leaf Rag (1899) Scott Joplin
24%
Romeu e Julieta (1936) Sergei Prokofiev
24%
O Mandarim Milagroso (1924) Béla Bartók
18%
O Guarany (1870) Carlos Gomes
18%
Rhapsody in Blue (1924) George Gershwin
18%
Cânone em Ré Maior (1680) Johann Pachelbel
18%
Uma Noite no Monte Calvo (1867) Modest Mussorgsky
18%
River Flows in You (2001) Yiruma
18%
Moses und Aron (1932) Arnold Schoenberg
12%
Libertango (1974) Astor Piazzolla
12%
Carmina Burana (1937) Carl Orff
12%
Essercizi per Gravicembalo (1738) Domenico Scarlatti
12%
Marchas de Pompa e Circunstância (1904) Edward Elgar
12%
O Bom, o Mau e o Feio (1966) Enio Morricone
12%
Tafelmusik (1733) Georg Philipp Telemann
12%
Sinfonia Nº 5 (1903) Gustav Mahler
12%
Sinfonia Fantástica (1830) Hector Berlioz
12%
Giant Steps (1960) John Coltrane
12%
Nuvole Bianche (2004) Ludovico Einaudi
12%
Minueto do Quinteto de Cordas em Mi Maior (1771) Luigi Boccherini
12%
Appalachian Spring (1944) Aaron Copland
6%
Dança do Sabre (1942) Aram Khachaturian
6%
O Franco Atirador (1821) Carl Maria von Weber
6%
Orfeu e Eurídice (1762) Christoph Gluck
6%
Take the 'A' Train (1939) Duke Ellington
6%
Réquiem (1901) Gabriel Fauré
6%
Missa Papae Marcelli (1563) Giovanni Pierluigi da Palestrina
6%
Missa de Nostre Dame (~1360) Guillaume de Machaut
6%
Now We Are Free (2000) Hans Zimmer
6%
Moon River (1961) Henri Mancini
6%
Dido e Eneias (1688) Henry Purcell
6%
Armide (1686) Jean-Baptiste Lully
6%
Tratado de Harmonia (1722) Jean-Philippe Rameau
6%
Concierto de Aranjuez (1939) Joaquín Rodrigo
6%
Magnus Liber Organi (Séc. XII) Leonin
6%
Te Deum Laudamus (1760) Lobo de Mesquita
6%
Te Deum (1698) Marc-Antoine Charpentier
6%
Uma Vida pelo Czar (1836) Mikhail Glinka
6%
Kind of Blue (1959) Miles Davis
6%
Adagio for Strings (1938) Samuel Barber
6%
Round Midnight (1943) Thelonious Monk
6%
La Sonnambula (1831) Vincenzeo Bellini
6%
"All Rise" Sinfonia nº 1 (1999) Wynton Marsalis
6%
Príncipe Igor (1887) Alexander Borodin
0%
Concerti Grossi, Op. 6 (1714) Arcangelo Corelli
0%
Sing, Sing, Sing With a Swing (1937) Benny Goodman
0%
O Impossível Carinho (1930) Camargo Guarnieri
0%
Sonata 1942 (1942) Claudio Santoro
0%
El Cóndor Pasa (1913) Daniel Alomía Robles
0%
Le Boeuf sur le Toit (1920) Darius Milhaud
0%
Paixões a cappella (1666) Heinrich Schutz
0%
Freedom (2021) Jon Batiste
0%
Requiem de 1816 (1816) José Maurcício Nunes Garcia
0%
Licht: Die sieben Tage der Woche (1977) Karlheinz Stockhausen
0%
Lakmé (1883) Leo Delibes
0%
Abertura Triunfal (1881) Louis Moreau Gottschalk
0%
Psaume 129 (1938) Nadia Boulanger
0%
Nenhum quiz correspondente encontrado
Distribuição das Pontuações
Porcentagem de Pessoas com Cada Pontuação
Percentil de Números Respondidos
Sua Pontuação Histórica
Você não jogou esse quiz